01488nam a22002777u 4500001001000000003000400010005001700014008004100031040000800072041000800080084002900088100001700117245007100134260008600205490004800291520064800339650002500987650002001012650002201032650001701054651000801071700001901079700001601098830006101114856003501175pwiiw3913OSt20260516120107.0160605t2016 au ||||| |||| 00| ||eng d cOSt aeng aO14aO18aO43aO472jelc1 aAdarov, Amat10aBackwardness, Industrialisation and Economic Development in Europe aWien :bWiener Institut für Internationale Wirtschaftsvergleiche (wiiw),c2016.1 awiiw Balkan Observatory Working Papersv123 aAbstract The present work uses long-term economic development data (1952-2010) as well as a detailed industry-level panel data (1963-2011) to analyse industrialisation patterns in Europe, implications of economic backwardness and the role of European integration in facilitating industrialisation and development. We find evidence of some income convergence in Europe, but mostly in countries that were able to exploit the ‘advantages of (mild) backwardness’. Regions of extensive backwardness such as the Balkans had difficulties to catch up. Membership in the European Union helped especially more backward economies to develop faster.  aEconomic development aeconomic growth aindustrialisation aurbanisation aSEE1 aHolzner, Mario1 aSikic, Luka 0v123wWIIW0000140twiiw Balkan Observatory Working Papers40uhttps://wiiw.ac.at/p-3913.html